| 000 | 01145nam0a2200313 i 4500 | ||
|---|---|---|---|
| 001 | RU\NLR\BIBL_A\010414840 | ||
| 005 | 20241115065354.0 | ||
| 010 |
_a9785386074623 _97000 |
||
| 021 |
_aRU _b2014-36005 _92195 |
||
| 035 | _a(NILC)RuMoRGB-007497642 | ||
| 035 | _a(NLR Aleph) 010414840 | ||
| 090 |
_a9782065 _c9782065 |
||
| 100 | _a20140710d2014 um y0rusy50 ca | ||
| 101 | 0 | _arus | |
| 102 | _aRU | ||
| 105 | _aa|||z|||000yy | ||
| 200 | 1 |
_a50000 избранных рецептов кулинарии СССР _fсост.: С. П. Кашин |
|
| 210 |
_aМосква _cРИПОЛ классик _d2014 |
||
| 215 |
_a637, [1] с., [16] л. цв. ил. _cил. _d17 см |
||
| 225 | 1 | _aСам себе повар | |
| 517 | 1 | _aПятьдесят тысяч избранных рецептов кулинарии СССР | |
| 606 |
_aКулинария _xРецептура _92080572 _3RU\NLR\AUTH\661256513 |
||
| 686 | 1 | _aЛ997 | |
| 702 | 1 |
_aКашин _bС. П. _gСергей Павлович _4220 |
|
| 801 | 0 |
_aRU _bРГБ _c20140527 _gRCR |
|
| 942 | _cBOOK | ||
| 980 | _aNBR | ||